| 000 | 00549cam a2200217 4500 | ||
|---|---|---|---|
| 001 | M97422 | ||
| 008 | 090401t1999 xxu||||| |||| 00| 0 eng d | ||
| 035 | _a(Sirsi) u92099 | ||
| 041 | 0 | _aeng | |
| 050 | 0 | 4 | _a333.0062 $2 18 |
| 110 | 2 |
_aRoyal Institution of Chartered Surveyors _94900 |
|
| 245 | 0 | 0 | _aAnnual review '98. |
| 260 |
_aLondon _bRICS _c1999 |
||
| 300 |
_a10p. _bill. _c30cm |
||
| 350 | _a0 | ||
| 490 | 0 | _aRICS Annual Report | |
| 651 | 4 | _aInternational | |
| 690 | _aABOUT RICS-RICS ANNUAL REPORT | ||
| 942 | _n0 | ||
| 948 | _c16/03/1999 | ||
| 999 |
_c97721 _d97721 |
||